000 00386nam a2200121Ia 4500
008 220204s9999 xx 000 0 und d
082 _aNR:62:678.061(088.8)
_bDAW
100 _aDawson, T R
245 0 _aAbstracts of patents relating to rubber latex (A supplement to rubber latex
260 _aLondon
_bBritish Rubber Publicity Association
_c1942
700 _aParris, R W
942 _cBK
999 _c20182
_d20182